Asia major companies directory 2013.

Bibliographic Details
Format: Book
Published: Florida: Business Information Agency (BIA), 2013.
Edition:13th ed..
Subjects:
LEADER 00755cam a2200277 7i4500
001 0000031006
005 20140529090000.0
020 0 0 |a 9781418775728  
090 0 0 |a ASIA 338.7025   |b ASI 
245 0 0 |a Asia major companies directory 2013. 
250 0 0 |a 13th ed.. 
260 0 0 |a Florida:   |b Business Information Agency (BIA),   |c 2013. 
300 # # |a 618 p. 
650 0 0 |a Business enteprises --   |x Directories --   |z Asia  
650 0 0 |a Companies --   |x Directories --   |z Asia  
651 0 0 |a China  
651 0 0 |a Japan  
651 0 0 |a Turkey  
651 0 0 |a India  
651 0 0 |a Taiwan  
651 0 0 |a Korea  
651 0 0 |a Hong Kong  
651 0 0 |a Asia  
651 0 0 |a Singapore  
651 0 0 |a Thailand  
999 |a B000034287  |b Directories  |c Regions  |e Business Information Centre